<?xml version="1.0" encoding="UTF-8"?>
<marc:record xmlns:marc="http://www.loc.gov/MARC21/slim">
   <marc:leader>00000nam a2200000 a 4500</marc:leader>
   <marc:datafield ind1="1" ind2=" " tag="100">
      <marc:subfield code="a">Palm, Kurt</marc:subfield>
      <marc:subfield code="4">aut</marc:subfield>
      <marc:subfield code="e">Verfasser/-in</marc:subfield>
   </marc:datafield>
   <marc:datafield ind1="0" ind2="0" tag="245">
      <marc:subfield code="a">Bad Fucking</marc:subfield>
   </marc:datafield>
   <marc:datafield ind1="0" ind2="0" tag="245">
      <marc:subfield code="b">kein Alpen-Krimi</marc:subfield>
   </marc:datafield>
   <marc:datafield ind1=" " ind2="1" tag="264">
      <marc:subfield code="a">Reinbek bei Hamburg</marc:subfield>
      <marc:subfield code="b">Rowohlt-Taschenbuch-Verl.</marc:subfield>
      <marc:subfield code="c">2011</marc:subfield>
   </marc:datafield>
   <marc:datafield ind1="1" ind2=" " tag="520">
      <marc:subfield code="a">Angaben aus der Verlagsmeldung&lt;br/&gt;&lt;br/&gt;Bad Fucking : Kein Alpen-Krimi / von Kurt Palm&lt;br/&gt;&lt;br/&gt;Im idyllischen Bad Fucking braut sich etwas zusammen: Der Sonderling Vitus Schallmoser liegt plötzlich tot in seiner Wohnhöhle, der Zahnarzt Dr. Ulrich wird von seiner Putzfrau mit Nacktfotos erpresst, und dann verschwindet auch noch die Innenministerin spurlos. Sie wollte am Höllensee von Bad Fucking ein Asylantenheim errichten lassen. Das alles (und noch viel mehr) geschieht, während sich Tausende Aale und ein Mordsunwetter auf Bad Fucking zubewegen ...</marc:subfield>
   </marc:datafield>
   <marc:datafield ind1=" " ind2=" " tag="020">
      <marc:subfield code="a">9783499256530</marc:subfield>
      <marc:subfield code="9">9783499256530</marc:subfield>
   </marc:datafield>
   <marc:datafield ind1=" " ind2=" " tag="041">
      <marc:subfield code="a">ger</marc:subfield>
   </marc:datafield>
   <marc:datafield ind1="1" ind2=" " tag="521">
      <marc:subfield code="a">0</marc:subfield>
   </marc:datafield>
   <marc:datafield ind1=" " ind2=" " tag="300">
      <marc:subfield code="a">277 S.</marc:subfield>
   </marc:datafield>
</marc:record>
